Autoética para el descubrimiento de uno mismo: cómo hacer de la propuesta chamánica de Carlos Castaneda una pauta de vida, con conocimiento y poder

সংরক্ষণ করুন:
গ্রন্থ-পঞ্জীর বিবরন
প্রধান লেখক: Valderrama Rodríguez, José (Author)
বিন্যাস: গ্রন্থ
ভাষা:স্প্যানিশ
প্রকাশিত: UPEL-IPB 2013
সংস্করন:1a. ed
বিষয়গুলি:
ট্যাগগুলো: ট্যাগ যুক্ত করুন
কোনো ট্যাগ নেই, প্রথমজন হিসাবে ট্যাগ করুন!

MARC

LEADER 00000cam a2200000 a 4500
001 UCE4640
003 CL-VaPUC
008 141107e20130400ve |||||||||||||||||spa|d
020 |a 9789801264156 
082 0 4 |a 128.4  |b VAL  |2 21 
100 0 |a Valderrama Rodríguez, José  |e author  |9 577197 
245 1 0 |a Autoética para el descubrimiento de uno mismo: cómo hacer de la propuesta chamánica de Carlos Castaneda una pauta de vida, con conocimiento y poder 
250 |a 1a. ed 
300 |a 165 p 
942 |c BK 
945 |d 20141107 12:15:00  |a dcastane 
260 |b UPEL-IPB  |c 2013 
650 0 |a Filosofía cultural  |9 312300 
650 7 |a CONOCIMIENTO  |2 CL-VaPUC  |9 308991 
650 0 |a Desarrollo Personal  |9 390751 
583 |a last modification  |c 20141107 12:15:00  |k Rodrigo Vera 
999 |c 357520  |d 357518 
952 |0 0  |1 0  |3 erb  |4 0  |6 128_400000000000000_VAL_2013  |7 0  |8 A  |9 465544  |a BIBGIM  |b BIBGIM  |i 5122635  |o 128.4 VAL 2013  |p 5122635  |r 2025-01-15  |w 2019-11-23  |y BK  |z Catalogado en:20141107  |k SSL